| 000 | 01605nam a2200217 i 4500 | ||
|---|---|---|---|
| 001 | 134796 | ||
| 003 | ES-MaACL | ||
| 005 | 20250428063004.0 | ||
| 007 | t| | ||
| 008 | 070628s1946 sp ||||1| spa d | ||
| 080 | _a84-3"18"=6 | ||
| 100 | 1 |
_aFrance, Anatole, _d1844-1924 _9240108 |
|
| 245 | 1 | 0 |
_aNovelas completas / _cAnatole France ; traducción y prólogo de Luis Ruiz Contreras. |
| 260 |
_aMadrid : _bM. Aguilar, _c1946. |
||
| 300 |
_a2 v. ; _c19 cm. |
||
| 500 | _aRet. del aut. | ||
| 505 | 8 | _aContiene: v. I. El libro de Pedro. El libro de Susana. El crimen de un académico. El olmo del paseo. El maniquí de mimbre. El anillo de amatista. El señor Bergeret en París. La azucena roja. Tais. Los dioses tienen sed. La rebelión de los ángeles.-- v. II. El figón de la reina Patoja. El abate Jerónimo Coignard. Crainquebille. Garduño. "Riquet" y otros relatos edificantes. Los deseos de Juan Servien. La isla de los pingüinos. El jardín de Epicuro. Sobre la piedra inmaculada. Cuentos de Dalevuelta. Bajo la invocación de Clío. Yocasta. El gato flaco. Historia de cómicos. Las siete mujeres de Barba Azul. El milagro del glorioso San Nicolás. Historia de la duquesa Cigüeña y del señor Boulingrin. La camisa. Baltasar y otros cuentos. El estuche de nácar. El pozo de Santa Clara. Abeja. Diálogo acerca de los cuentos de hadas. Notas marginales. Excursiones a través de Francia. Vida insigne de Rabelais y chuscas hazañas de Pantagruel. | |
| 700 | 1 |
_aRuiz Contreras, Luis, _d1863-1953 _9100711 |
|
| 852 |
_aES-MaACL _jB-10653-54 _bR.22628 |
||
| 999 |
_c134796 _d134796 |
||